Statistics for Romanian football clubs

Click here to take the quiz!

General Stats

  • This quiz has been taken 332 times
  • The average score is 13 of 34

Answer Stats

HintAnswer% Correct
The most popular clubFCSB
98%
Current ChampionsCFR Cluj
91%
Founded as the "secret police" teamDinamo București
84%
Most traditional club from DobrogeaFarul Constanța
64%
Many of their fans have Hungarian originsSepsi OSK
64%
Adrian Mutu played there after 14 years away from the Romanian leaguePetrolul Ploiești
62%
Gheorghe Hagi is president and coachViitorul
61%
Last team from Moldova region to reach a UEFA competitionBotoșani
60%
Founded in 2010, they won the cup in 2017Voluntari
60%
Beloved purple teamASU Politehnica Timișoara
54%
Supported by the City Hall, from TimișoaraACS Poli Timișoara
52%
2013-14 Cup ChampionsAstra Giurgiu
49%
Very traditional, founded in 1919, black and whiteUniversitatea Cluj
49%
Current Cup ChampionsUniversitatea Craiova
48%
They won Real Madrid in the 70sArgeș
47%
Club founded by the Francisc von Neuman industriesUTA Arad
45%
German nameHermannstadt
40%
Eric de Oliveira loves themGaz Metan Mediaș
39%
Very traditional club from Moldova regionPolitehnica Iași
39%
They surprised great teams in the Romanian CupMioveni
34%
From the city where Ceașescu was executedChindia Târgoviște
32%
The biggest team from Gorj countyPandurii Târgu Jiu
28%
Founded in 1957, from IlfovConcordia Chiajna
26%
They moved to Argeș onceAcademica Clinceni
24%
It was named JuventusDaco-Getica București
20%
From BacăuAerostar Bacău
15%
The 1st professional football club in RomaniaRipensia Timișoara
12%
Yellow-Blue rookieDunărea Călărași
10%
Small old club from the Pantelimon neighbourhoodMetaloglobus București
7%
Runner-up in the 1993 CupDacia Unirea Brăila
6%
Same name of an old project for youth teamsLuceafărul Oradea
4%
Small team from IlfovBalotești
2%
They were founded as Damila MăciucaSportul Snagov
2%
They moved from Vâlcea countyEnergeticianul
1%

Score Distribution

Percentile by Number Answered

Percent of People with Each Score

Your Score History

You have not taken this quiz